000 00755nam a2200193Ii 4500
003 JO-AjNU
008 230605s9999||||xx |||||||||||||| ||und||
040 _aJO-AjNU
_bara
_erda
_cJO-AjNU
041 _aara
050 1 4 _aLG395.J35.J35.2014
100 3 _aجامعة آل البيت,
_eauthor
_950874
245 0 0 _aجامعة آل البيت: الكتاب السنوي للفوج السادس عشر 2014
264 3 1 _aالمفرق- الأردن: جامعة آل البيت، 2014
300 _a296ص
336 _atext
_btxt
_2rdacontent
337 _aunmediated
_bn
_2rdamedia
338 _avolume
_bnc
_2rdacarrier
650 4 _aالجامعات والكليات -- الأردن -- كتب سنوية -- جامعة آل البيت (الاردن)
_950875
999 _aA22437
_c26005
_d26005